000 00693nam a2200265Ia 4500
003 OSt
005 20220912150950.0
006 a|||||r|||| 00| 0
007 ta
008 220909b |||||||| |||| 00| 0 eng d
024 _a53878
037 _cTextual
040 _aCSL
_beng
_cCSL
041 _aeng
082 _aK:55121, K2
100 _aKirmiz J P
245 0 _aAdaptation to desert environment
260 _aLondon
_bButterworth
_c1962
300 _axi, 168p.
_ccm.
500 _aBibliohgraphical references 1490-157p.
_ccm.
650 _a Animal ecology
650 _aZoology
942 _hK:55121, K2
_cTEXL
_2CC
999 _c58329
_d58329